000 00828nam a2200253Ia 4500
003 OSt
005 20221005111928.0
006 a|||||r|||| 00| 0
007 ta
008 221004b |||||||| |||| 00| 0 hin d
024 _a23715
037 _cTextual
040 _aCRL
_cCRL
_bhin
041 _2hin
_ahin
082 _aLBx1,1, N7.1-.2
100 _aत्रिपाठी, ब्रहमानन्द
245 0 _aचरक संहिता
246 _aCharak sanhitā
250 _a5वीं
260 _aवाराणसी
_bचौखम्बा सुरभारती प्रकाशन भारत
_c1997
300 _a1051450पृ0
_ccm.
942 _hLBx1,1, N7.1-.2
_cTEXL
_2cc
999 _c1023335
_d1023335